00744cam a2200205 a 450000100100000000500170001000800410002702000150006804000290008308200210011210000530013324500560018626000340024230000280027650400450030450400740034965000480042365100390047165000280051000001198120241017100006.0020424s2001 mx a b 000 0 spa  a9701848225 aDO-SdBNPbspacLCdBNPHU a394.266372bI24n1 aIglesias, Sonia.q[Sonia C. Iglesias y Cabrera].10aNavidades mexicanas /cSonia C. Iglesias y Cabrera. aMéxico :bCONACULTA,c2001. a307 p. :bil. ;c21 cm. aReferencias bibliográficas p. 299-303. aIncluye referencias bibliográficas y notas al pie de las páginas. 4aNavidadzMéxicoxVida social y costumbres 4aMéxicoxVida Social Y Costumbres 0aFestividades Religiosas